000
00261nam a2200109Ia 4500
008
190919s9999||||xx |||||||||||||| ||und||
100
_a
James Essinger
245
0
_a
Eastern European Banking
260
_a
New york
_b
Prentice
_c
2003
300
_a
376
942
_c
BK
999
_c
10544
_d
10544